Learning Resource and Development

Career English : (Record no. 19563)

MARC details
000 -LEADER
fixed length control field 01183cam a2200313 i 4500
001 - CONTROL NUMBER
control field careerenglishski00hemp
003 - CONTROL NUMBER IDENTIFIER
control field CaSfIA
005 - DATE AND TIME OF LATEST TRANSACTION
control field 20230525154902.0
007 - PHYSICAL DESCRIPTION FIXED FIELD--GENERAL INFORMATION
fixed length control field cr||||
008 - FIXED-LENGTH DATA ELEMENTS--GENERAL INFORMATION
fixed length control field 791220s1980 njua p 001 0 eng
010 ## - LIBRARY OF CONGRESS CONTROL NUMBER
LC control number 79027249
040 ## - CATALOGING SOURCE
Original cataloging agency DLC
Transcribing agency DLC
Modifying agency BTCTA
-- OCLCG
-- CaSfIA
020 ## - INTERNATIONAL STANDARD BOOK NUMBER
International Standard Book Number 0131145959 :
Terms of availability $9.95
020 ## - INTERNATIONAL STANDARD BOOK NUMBER
International Standard Book Number 9780131145955
035 ## - SYSTEM CONTROL NUMBER
System control number (OCoLC)5893258
050 10 - LIBRARY OF CONGRESS CALL NUMBER
Classification number PE1112.5
Item number .H4
082 00 - DEWEY DECIMAL CLASSIFICATION NUMBER
Classification number 428.2
029 1# - OTHER SYSTEM CONTROL NUMBER (OCLC)
OCLC library identifier AU@
System control number 000001611641
100 1# - MAIN ENTRY--PERSONAL NAME
Personal name Hemphill, Phyllis D.,
Dates associated with a name 1919-
245 10 - TITLE STATEMENT
Title Career English :
Medium [electronic resource]
Remainder of title skill development for effective communication /
Statement of responsibility, etc. Phyllis Davis Hemphill ; edited by Anita M. Hemphill.
260 ## - PUBLICATION, DISTRIBUTION, ETC.
Place of publication, distribution, etc. Englewood Cliffs, N.J. :
Name of publisher, distributor, etc. Prentice-Hall,
Date of publication, distribution, etc. c1980.
300 ## - PHYSICAL DESCRIPTION
Extent vii, 328 p. :
Other physical details ill. ;
Dimensions 28 cm.
500 ## - GENERAL NOTE
General note Includes index.
650 #0 - SUBJECT ADDED ENTRY--TOPICAL TERM
Topical term or geographic name entry element English language
General subdivision Business English.
650 #0 - SUBJECT ADDED ENTRY--TOPICAL TERM
Topical term or geographic name entry element English language
Form subdivision Programmed instruction.
700 1# - ADDED ENTRY--PERSONAL NAME
Personal name Hemphill, Anita M.
856 41 - ELECTRONIC LOCATION AND ACCESS
Uniform Resource Identifier <a href="http://www.archive.org/details/careerenglishski00hemp">http://www.archive.org/details/careerenglishski00hemp</a>
Public note Free eBook from the Internet Archive
856 42 - ELECTRONIC LOCATION AND ACCESS
Uniform Resource Identifier <a href="http://www.openlibrary.org/books/OL4422761M">http://www.openlibrary.org/books/OL4422761M</a>
Public note Additional information and access via Open Library
Holdings
Withdrawn status Lost status Damaged status Not for loan Collection Home library Current library Date acquired Total Checkouts Date last seen Price effective from Koha item type
        Project Gutenberg Main Library Main Library 05/25/2023   05/25/2023 05/25/2023 EBooks